000 00558nam a2200181 a 4500
001 000023265
005 20200930022111.0
008 101201s1972 ag r 000 d spa d
040 _aDO-SdBNP
_bspa
_cBNPHU
082 _aA862.44
_bM268t
100 1 _aManceaux, Alberto,
_93738
245 1 4 _aLas tribulaciones de Jorge Falsen :
_bcomedia frívola en cuatro actos /
_cAlberto Manceaux.
260 _aBuenos Aires :
_b[s.n.] ,
_c1972.
300 _a91 p. ;
_c19 cm.
650 4 _aTeatro argentino
_94843
650 4 _aLiteratura argentina
_93860
049 _aBNGR
999 _c22762
_d22762